Welcome to CU Library Online Public Access Catalogue (OPAC)

The Merck Manual of Diagnosis and Therapy/ (Record no. 3256)

MARC details
000 -LEADER
fixed length control field 00437nam a22001457a 4500
005 - DATE AND TIME OF LATEST TRANSACTION
control field 20250130142417.0
008 - FIXED-LENGTH DATA ELEMENTS--GENERAL INFORMATION
fixed length control field 250130b |||||||| |||| 00| 0 eng d
020 ## - INTERNATIONAL STANDARD BOOK NUMBER
International Standard Book Number 0911910182
050 ## - LIBRARY OF CONGRESS CALL NUMBER
Classification number RC55
Item number .M4
245 ## - TITLE STATEMENT
Title The Merck Manual of Diagnosis and Therapy/
250 ## - EDITION STATEMENT
Edition statement 18th ed.
260 ## - PUBLICATION, DISTRIBUTION, ETC.
Place of publication, distribution, etc. Whitehouse Station, NJ
Name of publisher, distributor, etc. Merck Research Laboratories
Date of publication, distribution, etc. 2006
300 ## - PHYSICAL DESCRIPTION
Extent xxxii. 2991p.
Other physical details ill. some color
Dimensions 21cm
942 ## - ADDED ENTRY ELEMENTS (KOHA)
Source of classification or shelving scheme Library of Congress Classification
Koha item type Books
Edition 18th ed.
Suppress in OPAC No
999 ## -
-- 3256
-- 3256
Holdings
Withdrawn status Lost status Source of classification or shelving scheme Damaged status Not for loan Collection Home library Current library Shelving location Date acquired Total checkouts Full call number Barcode Date last seen Copy number Price effective from Koha item type
    Library of Congress Classification     Non-fiction Science Library (Miotso) Science Library (Miotso) General stacks 01/30/2025   RC55 .M4 MER SLM00002641 01/30/2025 1 01/30/2025 Books
© 2023-2024 Copyright: Central University Libraries. All Rights Reserved | Created by: Mahone Tech Office